Organon of medicine : aude sapere = dare to be wise

Αποθηκεύτηκε σε:
Λεπτομέρειες βιβλιογραφικής εγγραφής
Κύριος συγγραφέας: Hahnemann, Samuel, 1755-1843
Άλλοι συγγραφείς: Boericke, William, 1849-1929 (Μεταφραστής)
Μορφή: Βιβλίο
Γλώσσα:English
German
Δημοσίευση: New Delhi : B. Jain, 2006
Έκδοση:6th ed. Hahnemann's own written rev.
Θέματα:
Ετικέτες: Προσθήκη ετικέτας
Δεν υπάρχουν, Καταχωρήστε ετικέτα πρώτοι!

MARC

LEADER 00000cam a2200000 i 4500
001 1/80470
008 080404s2006 eng d
020 |a 81-7021-085-2 
035 |l 10096222 
040 |a GR-MY-UA  |b gre  |e aacr 
041 1 |a eng  |h ger 
082 0 |a 615.532  |2 (22) 
100 1 |a Hahnemann, Samuel,   |d 1755-1843. 
245 1 0 |a Organon of medicine :  |b aude sapere = dare to be wise /  |c Samuel Hahnemann ; translated by William Boericke 
250 |a 6th ed. Hahnemann's own written rev. 
260 |a New Delhi :   |b B. Jain,   |c 2006 
300 |a 253 σ.;  |c 21 εκ. 
504 |a Περιλαμβάνει ευρετήριο 
650 0 0 |a Homeopathy. 
700 1 |a Boericke, William,   |d 1849-1929.  |4 trl 
852 |a INST  |b SYROS  |e 20080404  |h 615.532 HAH  |p 005500006540  |q 005500006540  |t BK  |y 0 
852 |a INST  |b SYROS  |e 20080404  |h 615.532 HAH  |p 005500006541  |q 005500006541  |t BK  |y 0 
901 |a BIBL5-2008-1 
909 |a Ε  |b 133498 
909 |a Ε  |b 133498 
970 |a ΤΣΟΥΚΑΛΑ  |b ΑΛΙΚΗ  |z 2008/04/04